Život /
Na minha lista:
| Autor principal: | |
|---|---|
| Formato: | Livro |
| Idioma: | eslovaco |
| Publicado em: |
Martin
Hviezdoslavova spoločnosť
1952
|
| Edição: | 3. vydanie |
| Colecção: | Hviezdoslavova knižnica, zv. 2
|
| Tags: |
Sem tags, seja o primeiro a adicionar uma tag!
|
MARC
| LEADER | 00000nam a22000003a 4500 | ||
|---|---|---|---|
| 001 | 0102314 | ||
| 003 | SK-STU | ||
| 005 | 20230602104436.8 | ||
| 007 | ta | ||
| 008 | 230602s ----xo-----e------000-0-----d | ||
| 040 | |a STU |b slo | ||
| 041 | 0 | |a slo | |
| 044 | |a xo | ||
| 100 | 1 | |a KUKUČÍN, Martin |4 aut | |
| 245 | 1 | 0 | |a Život / |c aut. Martin KUKUČÍN |
| 250 | |a 3. vydanie | ||
| 260 | |a Martin |b Hviezdoslavova spoločnosť |c 1952 | ||
| 300 | |a 269 s. | ||
| 490 | 0 | |a Hviezdoslavova knižnica, zv. 2 | |
| 996 | |c I* 4SOA13915 |l I |s A |a 24 |w 0102314_0001 | ||